Reparación integral y transformadora en delitos contra la dignidad e integridad de personas con discapacidad : (Registro nro. 5556)
[ vista simple ]
| 000 -LEADER | |
|---|---|
| fixed length control field | 01472nab a22002777a 4500 |
| 003 - CONTROL NUMBER IDENTIFIER | |
| control field | OSt |
| 005 - DATE AND TIME OF LATEST TRANSACTION | |
| control field | 20251218075551.0 |
| 008 - FIXED-LENGTH DATA ELEMENTS--GENERAL INFORMATION | |
| fixed length control field | 190429b xxu||||| |||| 00| 0 spa d |
| 040 ## - CATALOGING SOURCE | |
| Transcribing agency | PJ |
| 100 ## - MAIN ENTRY--PERSONAL NAME | |
| 9 (RLIN) | 6536 |
| Personal name | Barreix, María Carolina |
| 245 10 - TITLE STATEMENT | |
| Title | Reparación integral y transformadora en delitos contra la dignidad e integridad de personas con discapacidad : |
| Remainder of title | desafíos y perspectivas jurídicas en Argentina / |
| Statement of responsibility, etc | María Carolina Barreix. |
| 260 ## - PUBLICATION, DISTRIBUTION, ETC. (IMPRINT) | |
| Date of publication, distribution, etc | Ciudad Autónoma de Buenos Aires : |
| Place of publication, distribution, etc | Thomson Reuters La Ley, |
| Name of publisher, distributor, etc | 2025. |
| 300 ## - PHYSICAL DESCRIPTION | |
| Extent | p. 68-73 |
| 500 ## - GENERAL NOTE | |
| General note | Cita: TR LALEY AR/DOC/408/2025<br/><br/> |
| 505 ## - FORMATTED CONTENTS NOTE | |
| Formatted contents note | Sumario: I. Introducción.— II. Variaciones del tema.— III. Ley de Salud Mental y Acceso a la Justicia.— IV. Conclusión. |
| 505 ## - FORMATTED CONTENTS NOTE | |
| Formatted contents note | Fallo comentado: TCrim. Nro. 1, Necochea ~ 29/04/2024 ~ H. R. R. R. Y M. E. s/ abuso sexual con acceso carnal agravado por la comisión de dos o más personas. |
| 505 ## - FORMATTED CONTENTS NOTE | |
| Title | Si te interesa el texto completo, solicitalo a koha@justierradelfuego.gov.ar |
| 650 #0 - SUBJECT ADDED ENTRY--TOPICAL TERM | |
| 9 (RLIN) | 343 |
| Topical term or geographic name as entry element | DERECHO PENAL |
| 650 #0 - SUBJECT ADDED ENTRY--TOPICAL TERM | |
| 9 (RLIN) | 4077 |
| Topical term or geographic name as entry element | REPARACION INTEGRAL |
| 650 #0 - SUBJECT ADDED ENTRY--TOPICAL TERM | |
| 9 (RLIN) | 3271 |
| Topical term or geographic name as entry element | PERSONAS CON DISCAPACIDAD |
| 650 #0 - SUBJECT ADDED ENTRY--TOPICAL TERM | |
| 9 (RLIN) | 1272 |
| Topical term or geographic name as entry element | SALUD MENTAL |
| 650 #0 - SUBJECT ADDED ENTRY--TOPICAL TERM | |
| 9 (RLIN) | 2902 |
| Topical term or geographic name as entry element | DELITOS CONTRA LA INTEGRIDAD SEXUAL |
| 650 #0 - SUBJECT ADDED ENTRY--TOPICAL TERM | |
| 9 (RLIN) | 4467 |
| Topical term or geographic name as entry element | ABUSO SEXUAL CALIFICADO POR ACCESO CARNAL |
| 773 0# - HOST ITEM ENTRY | |
| Host Biblionumber | 2658 |
| Host Itemnumber | 3164 |
| Title | Revista de derecho penal y criminología. Nº 3 - Abril 2025 |
| Place, publisher, and date of publication | Ciudad Autónoma de Buenos Aires : Thomson Reuters La Ley, 2017- |
| International Standard Serial Number | 00347914 |
| 942 ## - ADDED ENTRY ELEMENTS (KOHA) | |
| Source of classification or shelving scheme | |
| Koha item type | Analítica Artículo de Revista |
No hay ítems disponibles.
